000 00825nac a22002657a 4500
001 BR9300374
003 BR-BrBNA
005 20240105121339.0
008 230509b bl.|||m| |||| 00| 0 por d
040 _aBR-BrBNA
_bpor
_cBiblioteca Nacional de Agricultura
072 _aH10
090 _a0180 BR9300374
100 1 _aGassen, D.N.
110 1 _aCentro Nacional de Pesquisa de Trigo, Passo Fundo, RS (Brasil)
245 1 _aControle biologico de pulgoes do trigo
260 3 _aPasso Fundo, RS (Brasil):
_c1988.
300 _a12 p.
490 _aDocumento - Centro Nacional de Pesquisa de Trigo (Brazil)
_vno. 3
_xISSN 0101-6644
500 _a8 ref.; 22 illus.
650 _aTrigo
650 _aPulgao
650 _aControle Biologico
909 _a202312
_bLúcia Elande
_c55
_dLúcia Elande
942 _2AGRIS
_n0
_cMS
999 _c284775
_d284775